Les sous-préfectures d'Auvergne Rhône-Alpes à leurs départements - Statistiques

Statistiques générales
  • Ce quiz a été pris 143 fois
  • Le résultat moyen est 15 sur 27
Statistiques - réponses
Hint Réponse % Correct
Villefranche-sur-Saône Rhône
74%
Vichy Allier
72%
Thonon-les-Bains Haute-Savoie
72%
Roanne Loire
70%
Albertville Savoie
67%
Montluçon Allier
66%
Nantua Ain
64%
La-Tour-du-Pin Isère
60%
Riom Puy-de-Dôme
60%
Belley Ain
59%
Mauriac Cantal
59%
Gex Ain
58%
Saint-Flour Cantal
58%
Vienne Isère
58%
Issoire Puy-de-Dôme
58%
Saint-Jean-de-Maurienne Savoie
58%
Die Drôme
57%
Thiers Puy-de-Dôme
56%
Montbrison Loire
51%
Saint-Julien-en-Genevois Haute-Savoie
50%
Nyons Drôme
48%
Bonneville Haute-Savoie
48%
Ambert Puy-de-Dôme
48%
Yssingeaux Haute-Loire
46%
Brioude Haute-Loire
44%
Tournon-sur-Rhône Ardèche
42%
Largentière Ardèche
42%
Aucun quiz correspondant
Distribution des résultats
% des personnes avec chaque résultat
Percentile par nombre de réponses
Votre historique - résultats
Vous n’avez pas pris ce quiz